Statystyki dla Państwa posiadające terytoria zależne.

Kliknij tutaj aby rozwiązać quiz!

Ogólne statystyki

  • Ten quiz został rozwiązany 41 razy
  • Średni wynik to 20 z 25

Statystyki odpowiedzi

Państwo% Poprawnych
Francja
100%
Wielka Brytania
100%
Stany Zjednoczone
97%
Rosja
95%
Australia
92%
Brazylia
92%
Chiny
92%
Kanada
92%
Kanada
92%
Dania
89%
Hiszpania
86%
Indie
84%
Japonia
84%
Norwegia
84%
Nowa Zelandia
84%
Portugalia
84%
Chile
81%
Holandia
76%
Włochy
76%
Korea Południowa
73%
Finlandia
59%
Republika południowej Afryki
59%
Grecja
57%
Ekwador
54%
Jemen
30%

Rozkład punktacji

Percentyl według liczby udzielonych odpowiedzi

Procent ludzi z każdym wynikiem

Twoja historia wyników

Nie rozwiązałeś tego quizu